Technologická hlavica pre automatizované pracovisko manipulátora plných plechoviek : Diplomová práca

Guardado en:
Detalles Bibliográficos
Autor principal: Minda, Milan (Autor)
Otros Autores: Vaňo, František (xxx)
Formato: Manuscrito Libro
Lenguaje:eslovaco
Publicado: Trnava : SVŠT v Bratislave StF KMARTP, 1987
Materias:
Etiquetas: Agregar Etiqueta
Sin Etiquetas, Sea el primero en etiquetar este registro!

MARC

LEADER 00000ntm a22000003a 4500
001 stu78095
005 20160719162707.9
008 021125s1987----cs------------------slo-d
040 |a STU  |b slo 
041 0 |a slo 
044 |a cs 
100 1 |a Minda, Milan  |4 aut 
245 1 |a Technologická hlavica pre automatizované pracovisko manipulátora plných plechoviek :  |b Diplomová práca 
260 |a Trnava :  |b SVŠT v Bratislave StF KMARTP,  |c 1987 
300 |a 47 s  |c abstr. + príl. 
650 7 |a technologické hlavice  |2 stusub 
650 7 |a automatizované pracoviská  |2 stusub 
650 7 |a strojárske technológie  |2 stusub 
700 1 |a Vaňo, František  |4 xxx 
996 |b 284M036961  |c M*DP-1661  |l MMSKP  |s P  |a 0  |w stu78095_0001